MARC

LEADER 00000nam0a2200000 4500
001 251629
005 20231031213554.0
020 |a RU  |b 91-14167 
035 |a (RuTPU)RU\TPU\book\273937 
035 |a RU\TPU\book\273936 
090 |a 251629 
100 |a 20140224d1961 m y0rusy5003 ca 
101 0 |a rus 
102 |a RU 
105 |a y z 000zy 
200 1 |a Устав Коммунистической партии Советского Союза 
210 |a Москва  |c Госполитиздат  |d 1961 
215 |a 127 с.  |d 9,5 см. 
300 |a Утвержден XXII съездом КПСС. 
512 1 |a Устав КПСС 
610 1 |a Коммунистическая партия Советского Союза 
610 1 |a члены партии 
610 1 |a права 
610 1 |a обязанности 
610 1 |a внутрипартийная демократия 
610 1 |a строение 
610 1 |a коммунисты 
610 1 |a денежные средства 
610 1 |a миниатюрные издания 
675 |a 3КП  |v 3 
686 |a Ч611.68  |2 rubbk 
801 0 |a RU  |b RuMRKP  |c 19950417  |g psbo 
801 1 |a RU  |b 63413507  |c 20110915 
801 2 |a RU  |b 63413507  |c 20140224  |g RCR 
942 |c BK